Το πανεπιστήμιο του 21ου αιώνα

Αποθηκεύτηκε σε:
Λεπτομέρειες βιβλιογραφικής εγγραφής
Κύριος συγγραφέας: Thill, Georges, 1935-
Άλλοι συγγραφείς: Warrant, Francoise, Θεοδωροπούλου, Έλενα Κ. (Συγγραφέας εισαγωγής κ.λπ.), Καΐλα, Μαρία Α. (Συγγραφέας εισαγωγής κ.λπ.)
Μορφή: Βιβλίο
Γλώσσα:Greek
French
Δημοσίευση: Αθήνα : Ατραπός, 1999.
Σειρά:Κείμενα παιδείας (Ατραπός) 7
Θέματα:
Ετικέτες: Προσθήκη ετικέτας
Δεν υπάρχουν, Καταχωρήστε ετικέτα πρώτοι!

MARC

LEADER 00000cam a2200000 i 4500
001 1/60564
008 020408s1999 gr | ||| |||| ||gre||
020 |a 9608077060   |q (σετ) 
020 |a 9608077206 
035 |l 10000702 
040 |a GR-MyUa  |b gre  |e AACR2 
041 1 |a gre  |h fre 
082 7 |a 378.00905   |2 (21) 
100 1 |a Thill, Georges,   |d 1935- 
245 1 3 |a Το πανεπιστήμιο του 21ου αιώνα /   |c Georges Thill, Francoise Warrant ; πρόλογος: Μαρία Καΐλα, Έλενα Θεοδωροπούλου.  
260 |a Αθήνα :   |b Ατραπός,   |c 1999.  
300 |a 320 σ. ;   |c 21 εκ.  
490 1 |a (Κείμενα παιδείας / Ατραπός ;   |v 7) 
504 |a Περιέχει βιβλιογραφία.  
500 |a Τίτλος πρωτοτύπου: Plaidoyer pour des universités citoyennes et responsables.  
650 0 |a Education, Higher  |y 21st century. 
650 0 |a Education, Higher  |z Greece  |y 21st century. 
650 0 |a Universities and colleges  |x History  |y 21st century. 
650 0 |a Universities and colleges  |z Greece  |x History  |y 21st century. 
650 0 |a University cooperation. 
650 0 |a Universities and colleges  |x International cooperation. 
650 0 |a International education. 
650 0 |a International economic relations. 
650 0 |a Economic development. 
700 1 |a Warrant, Francoise. 
700 1 |a Θεοδωροπούλου, Έλενα Κ.  |e aui 
700 1 |a Καΐλα, Μαρία Α.  |e aui 
830 0 |a Κείμενα παιδείας (Ατραπός)  |v  7 
852 |a INST  |b CHIOS  |e 20220930  |h 378.00905 THI  |p 005200040586  |q 005200040586  |t BK  |y 0 
852 |a INST  |b RHODES  |e 20030627  |h 378.00905 THI  |p 005400020447  |q 005400020447  |t BK  |y 0 
852 |a INST  |b SAMOS  |e 20020408  |h 378.00905 THI  |p 005300020948  |q 005300020948  |t BK  |y 0 
852 |a INST  |b SAMOS  |e 20050322  |h 378.00905 THI  |p 005300025290  |q 005300025290  |t BK  |y 0 
852 |a INST  |b SYROS  |e 20040721  |h 378.00905 THI  |p 005500004339  |q 005500004339  |t BK  |y 0 
901 |a BIBL3-2005-1 
901 |a BIBL3-2002-1 
970 |a Μαλαγάρη  |b Φωτεινή  |z 08/04/2002